000 01273nam a2200253Ia 4500
999 _c34572
_d34572
001 333
003 GE_BSU
005 20211202125252.0
008 181216s1993||||ge |||||||||||||| ||geo||
040 _cGE_BSU
041 _ageo
080 _a821.134.2 გ–20
100 _aორტეგა ი-გასეტი, ხოსე
_913150
245 _aმასების ამბოხი /
_cხოსე ორტეგა ი. გასეტი ; ესპ. თარგმნა ბაჩანა ბრეგვაძემ[რედ.: ლალი ბრეგვაძე ; მხატვ.: სპარტაკ ცინცაძე].
264 _aთბილისი :
_bხომლი,
_c1993.
300 _a224 გვ.
_b20 სმ.
490 _aინტელექტუალის ბიბლიოთეკა
653 _aმასების ამბოხი
653 _aესპანური ფილოსოფია
653 _aხალხის მასების როლი ისტორიაში
700 _aბრეგვაძე, ლალი
_eრედაქტორი
_913149
700 _aბრეგვაძე, ბაჩანა
_eმთარგმნელი
_93536
942 _cBK
_2udc